01318nam a2200337Ia 4500001001200000003000800012006001900020007001500039008004100054015001700095020002500112020002200137040002100159035002100180050002400201082001500225100001900240245012000259260006700379300001700446504005500463533015200518650002700670650002400697650002800721650004000749655002900789710001700818856012600835999001900961ebr10141773CaPaEBRm u cr cn|||||||||010102s2000 onc sb 000 0 eng d aC00-900700-8 z0773521054 (bound) : z0773521119 (pbk.) aCaPaEBRcCaPaEBR a(OCoLC)18070414014aLB14.7b.S65 2000eb04a370/.12211 aSolway, David.14aThe turtle hypodermic of sickenpodsh[electronic resource] :bliberal studies in the corporate age /cDavid Solway. aMontreal ;aIthaca :bMcGill-Queen's University Press,cc2000. axiii, 188 p. aIncludes bibliographical references: p. [187]-188. aElectronic reproduction.bPalo Alto, Calif. :cebrary,d2009.nAvailable via World Wide Web.nAccess may be limited to ebrary affiliated libraries. 0aEducationxPhilosophy. 0aEducational change. 0aEducational technology. 0aSchool management and organization. 7aElectronic books.2local2 aebrary, Inc.40uhttp://site.ebrary.com/lib/rucke/Doc?id=10141773zAn electronic book accessible through the World Wide Web; click to view c195925d195925